| 000 | 00736nam a2200253 a 4500 | ||
|---|---|---|---|
| 008 | |||
| 020 | _a0390418056 (pbk.) | ||
| 049 | _aMAIN | ||
| 050 | 0 | 0 |
_aQA531 _bBAR |
| 100 | 1 | _aBarnett, Ziegler. | |
| 245 |
_aMathematics: _bcollege algebra with trigonometry/ _cBarnett-Ziegler. |
||
| 245 | 1 | 0 | _aMathematics. |
| 260 |
_aBoston : _bMcGraw-Hill, _c1994. |
||
| 300 |
_a(various pages) : _bill. ; _c26 cm. |
||
| 490 | 1 | _aMcGraw-Hill's Primis. | |
| 650 | 0 | _aAlgebra. | |
| 650 | 0 | _aTrigonometry. | |
| 700 | 1 | _aCatonsville Community College [Deparment of Mathematics]. | |
| 907 |
_a.b10231523 _b12-02-13 _c14-02-07 |
||
| 003 | |||
| 005 | 20230123134356.0 | ||
| 040 | _cNUST | ||
| 942 | _cBOOKS | ||
| 999 |
_c164841 _d164841 |
||